| 000 | 00622nam a2200181 a 4500 | ||
|---|---|---|---|
| 001 | 000032469 | ||
| 005 | 20200930065645.0 | ||
| 008 | 110718s1988 dr 000 0 spa d | ||
| 040 |
_aDO-SdBNP _bspa _cBNPHU |
||
| 082 |
_a972.93 _bU12r |
||
| 100 | 1 |
_aUbaldo Gómez, Manuel, _d1892-1951 _958423 |
|
| 245 | 1 | 0 |
_aResúmen de la historia de Santo Domingo / _cManuel Ubaldo Gómez. |
| 260 |
_a[La Vega, República Dominicana] : _bPro-Cultura Popular, _c[1988]. |
||
| 300 |
_a353 p. ; _c21 cm. |
||
| 590 | _aInventariado, 2020/VM | ||
| 651 | 4 |
_aRepública Dominicana _xHistoria _9170 |
|
| 910 | _aValidado. Control de la calidad EMS | ||
| 999 |
_c31960 _d31960 |
||